000158564 001__ 158564 000158564 005__ 20250520134511.0 000158564 037__ $$aGDOC-2024-29303 000158564 041__ $$aspa 000158564 041__ $$aeng 000158564 100__ $$0(orcid)0000-0001-8323-0984$$1317551$$aFrancisco Javier Azúa, Romeo 000158564 24500 $$929303$$aBiología celular e histología 000158564 24200 $$929303$$aCellular and histological biology 000158564 260__ $$aZaragoza$$bUniversidad de Zaragoza$$c2024-2025 000158564 521__ $$9129$$aGrado en Odontología$$bDegree in Odontology 000158564 540__ $$aby-nc-sa$$bCreative Commons$$c3.0$$uhttp://creativecommons.org/licenses/by-nc-sa/3.0/ 000158564 700__ $$0(orcid)0000-0002-6600-1618$$1420457$$aRaquel Moreno, Loshuertos 000158564 830__ $$9442 000158564 8564_ $$s31385$$uhttps://zaguan.unizar.es/record/158564/files/guia-29303-es.pdf$$yGuía (idioma español) 000158564 8564_ $$s45247$$uhttps://zaguan.unizar.es/record/158564/files/guia-29303-en.pdf$$yGuide (english) 000158564 970__ $$aGDOC-2024-29303 000158564 980__ $$aGDOC$$bHealth Sciences$$bCiencias de la Salud$$c229